Score 0/30 Timer 03:00
1 Play Today
Clue 4-Letter Word % Correct
'Billie ____' - Michael Jackson songJEAN
96.2%
Borrowed moneyLOAN
93.8%
Warty amphibianTOAD
93.6%
Kidney or black, e.g.BEAN
93.5%
Crawford or RiversJOAN
93.4%
InformedTOLD
92.2%
Big bad villain to the 3 pigsWOLF
91.8%
Game with putters and holesGOLF
91.6%
____ hard cashCOLD
91.6%
'I ____ Survive' - Gloria Gaynor songWILL
91.4%
NourishmentFOOD
91%
Thing being carriedLOAD
90.3%
Nincompoop or idiotFOOL
89.2%
Baby horseFOAL
88.1%
'____ Times' - Chic songGOOD
87.9%
Clue 4-Letter Word % Correct
____ E. CoyoteWILE
86.8%
Banana companyDOLE
86.5%
AuGOLD
85.9%
500 pieces of paperREAM
85.8%
Brother of Dylan SprouseCOLE
84.8%
Soap companyDOVE
82.7%
Walk freelyROAM
82.6%
Lightweight bubbly materialFOAM
82.3%
Back of somethingREAR
80.3%
'____ Hangover' - Diana Ross songLOVE
78.5%
Nigerian Nobel Prize winner SoyinkaWOLE
78.1%
To carryBEAR
77.7%
ABC sci-fi drama (2004-2010)LOST
77.2%
'____ Dance' - Donna Summer songLAST
74.9%
Be deprived ofLOSE
73.2%

Today's Daily Dose

Remove Ads.
Support Sporcle.
Get the best of Sporcle when you Go Orange. This ad-free experience offers more features, more stats, and more fun while also helping to support Sporcle. Thank you for becoming a member.

You're not logged in!

Compare scores with friends on all Sporcle quizzes.
OR
Log In

Show Comments

Extras

Top Quizzes Today


Score Distribution

Your Account Isn't Verified!

In order to create a playlist on Sporcle, you need to verify the email address you used during registration. Go to your Sporcle Settings to finish the process.

Report this User

Report this user for behavior that violates our Community Guidelines.

Details: